000 00279nam a22001337a 4500
008 170822b xxu||||| |||| 00| 0 eng d
020 _a3540533737
041 _aeng
080 _a51
100 _a38
101 _aMAT
245 _aALGEBRA V
_cKOSTRIKIN.AI
942 _2udc
_cBK
999 _c24586
_d24586